00509nam a22001697a 450000500170000001000150001702000260003203500140005803700090007208200090008110000200009024500460011025000060015626000350016227001220019730000200031920260128150927.0 aENG-147687 a9789391384777c395.00 aEN-131219 bDBAD 21aN aDarwin, Charles aOn the Origin of Species/cCharles Darwin a1 aEast DelhibPharos Booksc2023 aPlot No. -63 Main Mother Dairy Road Pandav Nagar, East DelhibEast Delhie110092k011-403958555msales@pharosbooks.in a436p.c21cm(pb)